000 01291nam a2200373 a 4500
001 000029162
003 DO-SdBNP
005 20180214094922.0
007 000029162
008 110413s1990 dr 000 0 spa d
040 _aBPMSU
_bspa
_cBPMSU
082 _a378
_b R788i
100 1 _aRosa, Jesus de la
245 1 0 _aInforme :
_bsistema de equivalencia de títulos entre España y República Dominicana /
_cJesús de la Rosa, César Mella Mejías.
260 _aSanto Domingo :
_bUniversitaria-UASD,
_c1990.
300 _a72 p. ;
_c22 cm.
490 1 _aPublicaciones de la Universidad Autónoma de Santo Domingo
_v636
490 1 _aUniversidad y planificación
_v13
650 4 _aEDUCACIÓN SUPERIOR
_zREPÚBLICA DOMINICANA
650 4 _aEDUCACIÓN SUPERIOR
_zESPAÑA
700 1 2 _aMella Mejías, César
830 0 _aPublicaciones de la Universidad Autónoma de Santo Domingo
_n636
830 0 _aUniversidad y planificación
_n13
910 _aValidado. Control de calidad MFF
930 1 _l
_m
_8
_f
_p
_g
_h
930 1 _l
_m
_8
_f
_p
_g
_h
930 1 _l
_m
_8
_f
_p
_g
942 _2ddc
_cBK
945 _a Inventariado / 2017 VM
956 _a
_b
_l
_h
956 _a
_b
_c
_l
_h
956 _a
_b
_c
_l
_h
956 _aVMATEO
_b10
_c20150810
_lBPMSU
_h00151
999 _c8166
_d8166